Métodos vectoriales: aplicados a la geometría diferencial, a la mecánica y a la teoría del potencial
Guardat en:
| Autor principal: | |
|---|---|
| Format: | Llibre |
| Idioma: | espanyol |
| Publicat: |
Buenos Aires
Dossat
1942
|
| Col·lecció: | Textos Universitarios Ingleses de Matemáticas
|
| Matèries: | |
| Etiquetes: |
Afegir etiqueta
Sense etiquetes, Sigues el primer a etiquetar aquest registre!
|
MARC
| LEADER | 00000nam a2200000 a 4500 | ||
|---|---|---|---|
| 001 | UCU3052 | ||
| 003 | CL-VaPUC | ||
| 008 | 960502e19420000AG |||||||||||||||||spa|d | ||
| 082 | 0 | 4 | |a 515.63 |b RUT |2 21 |
| 100 | 0 | |a Rutherford, Daniel Edwin |e author |9 497648 | |
| 245 | 1 | 0 | |a Métodos vectoriales: aplicados a la geometría diferencial, a la mecánica y a la teoría del potencial |
| 300 | |a 144 p | ||
| 942 | |c BK | ||
| 945 | |d 19960502 00:00:00 |a cmena | ||
| 260 | |a Buenos Aires |b Dossat |c 1942 | ||
| 650 | 0 | |a Vectores |x Matemáticas |9 269973 | |
| 650 | 0 | |a Álgebra vectorial |9 269971 | |
| 650 | 0 | |a Álgebra lineal |9 260445 | |
| 650 | 0 | |a Análisis vectorial |9 260451 | |
| 583 | |a last modification |c 19960502 00:00:00 |k Rodrigo Vera | ||
| 490 | 0 | |a Textos Universitarios Ingleses de Matemáticas | |
| 999 | |c 315774 |d 315772 | ||